Caricamento...

Sams Teach Yourself SQL In 10 Minutes

Sams Teach Yourself SQL in 10 Minutes has established itself as the gold standard for introductory SQL books, offering a fast-paced accessible tutorial to the major themes and techniques involved in applying the SQL language.

Dettagli Bibliografici
Autore principale: Ben Forta
Natura: Printed Book
Pubblicazione: Pearson Education
Edizione:3rd ed
Soggetti:
LEADER 00825nam a2200181Ia 4500
999 |c 28521  |d 28521 
020 |a 9788131722008 
082 |a 005.75655 FOR-S 
100 |a  Ben Forta 
245 |a Sams Teach Yourself SQL In 10 Minutes 
250 |a 3rd ed 
260 |b Pearson Education 
300 |a vii, 242p. 
500 |a Includes Coverage of MySQL and PostgreSQL 
520 |a Sams Teach Yourself SQL in 10 Minutes has established itself as the gold standard for introductory SQL books, offering a fast-paced accessible tutorial to the major themes and techniques involved in applying the SQL language. 
650 |a SQL (Computer program language) Database management. 
942 |c BK 
952 |0 0  |1 0  |4 0  |6 005_750000000000000_65_FORS  |7 0  |9 31231  |a DCB  |b DCB  |d 2015-09-01  |l 1  |o 005.75/65 FOR-S  |p DCB2089  |r 2019-03-07  |s 2019-02-26  |w 2015-09-01  |y BK